| 000 | nkm a22 a 4500 | ||
|---|---|---|---|
| 999 |
_c346224 _d346224 |
||
| 003 | BLK | ||
| 005 | 20191028085106.0 | ||
| 008 | 191028b bu ||||| |||| 00| 0 bu d | ||
| 040 | _aBLK | ||
| 041 |
_aBUL _cBUL |
||
| 080 |
_aФотография на човек, тяло, лице, портрет. Битов жанр _b77.041 _z77.041 |
||
| 245 |
_aМихаил Арнаудов пред художествена галерия _b[Снимка] |
||
| 300 | _c17 Х 12 см | ||
| 380 | _a7 | ||
| 490 |
_9396381 _aЧастна колекция - Академик Михаил Арнаудов _gДарение - Основен фонд |
||
| 505 | _tГрупова снимка пред сграда с надпис Окръжен народен съвет Художествена галерия. Няма данни за място и година. - Копие | ||
| 852 | _aМА 5049 | ||
| 942 |
_2udc _cPHO _n0 _s1 |
||